000 00551nmm a2200193Ia 4500
008 251105s9999||||xx |||||||||||||||||und||
020 _a9788499451305
041 _aspa
100 _aGrilli , Massimo
245 0 _aComentario al evangelio de Mateo
264 _a[Madrid, España] :
_bEditorial Verbo Divino,
_c2011
300 _a760 páginas
490 _aEvangelio y cultura
650 _aReligion(s)
700 _aGrilli , Massimo
700 1 _a Langner , Cordula
856 _uhttps://public.digitaliapublishing.com/a/20650
942 _cCF
999 _c66490
_d66490